[Event "Belgrade Investbanka"]
[Site "Belgrade YUG"]
[Date "1997.??.??"]
[Round "1"]
[White "Ljubojevic, Ljubomir"]
[Black "Beliavsky, Alexander"]
[Result "0-1"]
[WhiteElo "2565"]
[BlackElo "2710"]
[PlyCount "62"]
[EventDate "1997.11.11"]

1. Nf3 g6 2. e4 Bg7 3. d4 d6 4. Be2 Nd7 5. O-O e5 6. c4 Ne7 7. Nc3 O-O 8. Re1 a6 9. Bf1 Rb8 10. Rb1 exd4 11. Nxd4 Ne5 12. Nd5 c5 13. Nxe7+ Qxe7 14. Nc2 b5 15. Ne3 Be6 16. Nd5 Qh4 17. Bf4 bxc4 18. Qd2 Bxd5 19. Bg3 Qxe4 20. Rxe4 Bxe4 21. Re1 Bd3 22. b3 c3 23. Qe3 c4 24. Bxe5 dxe5 25. Bxd3 cxd3 26. Qxd3 Rbc8 27. Qc2 Rfd8 28. Re2 Bh6 29. g3 Kg7 30. Qe4 Rd2 31. Qxe5+ Kg8 0-1

[Event "Belgrade Investbanka"]
[Site "Belgrade YUG"]
[Date "1997.11.11"]
[Round "1"]
[White "Ivanchuk, Vasyl"]
[Black "Georgiev, Kiril"]
[Result "1-0"]
[WhiteElo "2725"]
[BlackElo "2670"]
[PlyCount "63"]
[EventDate "1997.11.11"]

1. c4 c5 2. Nf3 g6 3. d4 cxd4 4. Nxd4 Nc6 5. e4 Nf6 6. Nc3 d6 7. f3 Nxd4 8. Qxd4 Bg7 9. Be3 O-O 10. Qd2 Be6 11. Rc1 Qa5 12. b3 Rfc8 13. Be2 a6 14. Na4 Qxd2+ 15. Kxd2 Nd7 16. g4 f5 17. exf5 gxf5 18. h3 Rf8 19. f4 Nf6 20. Rhg1 Rad8 21. Bb6 Rc8 22. Nc3 Rc6 23. Be3 fxg4 24. hxg4 d5 25. f5 Rd8 26. Ke1 d4 27. Rd1 Rcd6 28. c5 Nd5 29. cxd6 Nxe3 30. dxe7 Re8 31. fxe6 Rxe7 32. Ne4 1-0

[Event "Belgrade Investbanka"]
[Site "Belgrade YUG"]
[Date "1997.11.12"]
[Round "2"]
[White "Gelfand, Boris"]
[Black "Ljubojevic, Ljubomir"]
[Result "1/2-1/2"]
[WhiteElo "2695"]
[BlackElo "2565"]
[PlyCount "65"]
[EventDate "1997.11.11"]

1. Nf3 c5 2. c4 Nf6 3. Nc3 e6 4. g3 b6 5. Bg2 Bb7 6. O-O Be7 7. Re1 d6 8. e4 a6 9. d4 cxd4 10. Nxd4 Qc7 11. Be3 O-O 12. Rc1 Nbd7 13. f4 Rfe8 14. Bf2 Bf8 15. Qe2 h5 16. h3 g6 17. e5 Bxg2 18. Kxg2 Nh7 19. Nf3 Rac8 20. b3 dxe5 21. fxe5 Red8 22. Bd4 Nc5 23. Rcd1 Be7 24. Qe3 Qc6 25. Kh2 Rd7 26. Bxc5 Bxc5 27. Qe4 Qxe4 28. Nxe4 Rcd8 29. Rxd7 Rxd7 30. Kg2 Kg7 31. g4 hxg4 32. hxg4 g5 33. Re2 1/2-1/2

[Event "Belgrade Investbanka"]
[Site "Belgrade YUG"]
[Date "1997.11.12"]
[Round "2"]
[White "Georgiev, Kiril"]
[Black "Beliavsky, Alexander"]
[Result "1/2-1/2"]
[WhiteElo "2670"]
[BlackElo "2710"]
[PlyCount "84"]
[EventDate "1997.11.11"]

1. d4 Nf6 2. c4 e6 3. Nf3 d5 4. Nc3 Be7 5. Bg5 h6 6. Bh4 O-O 7. e3 b6 8. Qb3 Bb7 9. Bxf6 Bxf6 10. cxd5 exd5 11. Rd1 Re8 12. Bd3 c5 13. dxc5 Nd7 14. c6 Bxc6 15. O-O Nc5 16. Qc2 Qe7 17. Bb5 Bxb5 18. Nxb5 Red8 19. Nbd4 Ne6 20. Qb3 Rac8 21. Rd2 Rc4 22. Qd1 Nxd4 23. Nxd4 Bxd4 24. Rxd4 Rxd4 25. Qxd4 Qe4 26. Rc1 Qxd4 27. exd4 Re8 28. Kf1 Re4 29. Rc8+ Kh7 30. Rc7 a5 31. Rxf7 Rxd4 32. Ke2 Rb4 33. b3 a4 34. Rf3 axb3 35. axb3 g5 36. h3 Kg6 37. Kd2 d4 38. Kc2 Rb5 39. g4 h5 40. Kd2 hxg4 41. hxg4 Rb4 42. Ke2 Kg7 1/2-1/2

[Event "Belgrade Investbanka"]
[Site "Belgrade YUG"]
[Date "1997.11.13"]
[Round "3"]
[White "Beliavsky, Alexander"]
[Black "Gelfand, Boris"]
[Result "1/2-1/2"]
[WhiteElo "2710"]
[BlackElo "2695"]
[PlyCount "62"]
[EventDate "1997.11.11"]

1. d4 Nf6 2. c4 e6 3. g3 c5 4. Nf3 cxd4 5. Nxd4 Bb4+ 6. Bd2 Be7 7. Bg2 Nc6 8. Bc3 O-O 9. O-O d5 10. Nd2 Qb6 11. cxd5 Nxd5 12. Nf5 Nxc3 13. Nxe7+ Nxe7 14. bxc3 Rd8 15. Qc2 Qc7 16. Ne4 Bd7 17. Ng5 Ng6 18. Be4 Bc6 19. h4 Bxe4 20. Qxe4 Nf8 21. a4 h6 22. Nf3 Nd7 23. a5 Rac8 24. Rfd1 Nf6 25. Rxd8+ Rxd8 26. Qe5 Rc8 27. Qxc7 Rxc7 28. a6 bxa6 29. Rxa6 Nd5 30. c4 Nb6 31. Nd2 Nxc4 1/2-1/2

[Event "Belgrade Investbanka"]
[Site "Belgrade YUG"]
[Date "1997.11.14"]
[Round "4"]
[White "Georgiev, Kiril"]
[Black "Gelfand, Boris"]
[Result "1/2-1/2"]
[WhiteElo "2670"]
[BlackElo "2695"]
[PlyCount "46"]
[EventDate "1997.11.11"]

1. d4 Nf6 2. Nf3 d5 3. c4 c6 4. Nc3 e6 5. Bg5 h6 6. Bxf6 Qxf6 7. e3 Nd7 8. a3 g6 9. b4 Bg7 10. cxd5 cxd5 11. Bd3 O-O 12. O-O Qe7 13. Qb3 Nb6 14. a4 Bd7 15. a5 Nc8 16. Rac1 Nd6 17. Rc2 Rfc8 18. Rfc1 b5 19. e4 Rxc3 20. Qxc3 dxe4 21. Bxe4 Nxe4 22. Qc7 Nd6 23. Ne5 Bxe5 {Gerade als die Partie spannend wird, erfolgt der Remisschlu.} 1/2-1/2

[Event "Belgrade Investbanka"]
[Site "Belgrade YUG"]
[Date "1997.11.15"]
[Round "4"]
[White "Lautier, Joel"]
[Black "Beliavsky, Alexander"]
[Result "1-0"]
[WhiteElo "2660"]
[BlackElo "2710"]
[PlyCount "69"]
[EventDate "1997.11.11"]

1. d4 Nf6 2. c4 e6 3. Nc3 Bb4 4. e3 c5 5. Nge2 b6 6. a3 Ba5 7. Rb1 Na6 8. Qa4 Bb7 9. Bd2 Qe7 10. Ng3 Bxc3 11. Bxc3 cxd4 12. exd4 O-O 13. Bd3 Nc7 14. O-O b5 15. cxb5 Ncd5 16. Bd2 Qd6 17. Rfc1 h5 18. Qb3 Rfb8 19. Bg5 a6 20. Qd1 g6 21. a4 axb5 22. axb5 Qb6 23. Ne2 Nh7 24. Bd2 Nhf6 25. h3 Qd6 26. Ra1 Qf8 27. Nc3 Nb4 28. Bf1 Qd6 29. Na4 Ne4 30. Nc5 Rxa1 31. Rxa1 Qxd4 32. Nxe4 Qxe4 33. Ra4 Qc2 34. Qxc2 Nxc2 35. Bd3 1-0

[Event "Belgrade Investbanka"]
[Site "Belgrade YUG"]
[Date "1997.11.16"]
[Round "5"]
[White "Beliavsky, Alexander"]
[Black "Kramnik, Vladimir"]
[Result "0-1"]
[WhiteElo "2710"]
[BlackElo "2770"]
[PlyCount "68"]
[EventDate "1997.11.11"]

1. d4 Nf6 2. c4 e6 3. Nf3 d5 4. Nc3 Be7 5. Bg5 O-O 6. e3 h6 7. Bh4 b6 8. Qb3 Bb7 9. Bxf6 Bxf6 10. cxd5 exd5 11. Rd1 Re8 12. Bd3 c5 13. dxc5 Nd7 14. c6 Bxc6 15. O-O Nc5 16. Qc2 Rc8 17. Bh7+ Kh8 18. Bf5 Ne6 19. Nd4 Nxd4 20. exd4 Rc7 21. Qd3 g6 22. Bg4 h5 23. Bf3 Rce7 24. g3 h4 25. Qd2 Kg7 26. g4 Re6 27. h3 Bg5 28. Qc2 Qd6 29. Qb3 Bd8 30. Bg2 Qf4 31. Rc1 Bc7 32. Rfd1 Rf6 33. Qc2 Re3 34. Kf1 Rxc3 0-1

[Event "Belgrade Investbanka"]
[Site "Belgrade YUG"]
[Date "1997.11.17"]
[Round "6"]
[White "Georgiev, Kiril"]
[Black "Lautier, Joel"]
[Result "1/2-1/2"]
[WhiteElo "2670"]
[BlackElo "2660"]
[PlyCount "63"]
[EventDate "1997.11.11"]

1. e4 c5 2. Nf3 d6 3. d4 cxd4 4. Nxd4 Nf6 5. Nc3 a6 6. g3 e5 7. Nde2 b5 8. Bg2 Bb7 9. a3 Nbd7 10. h3 Nc5 11. Bg5 Be7 12. Bxf6 Bxf6 13. Nd5 Na4 14. b3 Nb6 15. Ne3 O-O 16. h4 d5 17. exd5 e4 18. c4 Bxa1 19. Qxa1 bxc4 20. bxc4 Rc8 21. Qd4 Qf6 22. Bh3 Qxd4 23. Nxd4 Nxc4 24. Bxc8 Rxc8 25. Ndf5 Kf8 26. Ke2 g6 27. Nxc4 Rxc4 28. Rb1 gxf5 29. Rxb7 Rd4 30. Ra7 Rxd5 31. Rxa6 Kg7 32. a4 1/2-1/2

[Event "Belgrade Investbanka"]
[Site "Belgrade YUG"]
[Date "1997.11.17"]
[Round "6"]
[White "Kramnik, Vladimir"]
[Black "Gelfand, Boris"]
[Result "1/2-1/2"]
[WhiteElo "2770"]
[BlackElo "2695"]
[PlyCount "132"]
[EventDate "1997.11.11"]

1. Nf3 Nf6 2. c4 g6 3. Nc3 Bg7 4. e4 O-O 5. d4 d6 6. Be2 Nc6 7. O-O e5 8. d5 Ne7 9. b4 Nh5 10. Re1 f5 11. Ng5 Nf6 12. Bf3 c6 13. Be3 f4 14. Bc1 h6 15. Ne6 Bxe6 16. dxe6 Nc8 17. b5 Qe8 18. bxc6 bxc6 19. c5 Qxe6 20. Ba3 dxc5 21. Na4 Nb6 22. Nxc5 Qf7 23. Qc1 Qc4 24. Bd1 Qxc1 25. Rxc1 Rfc8 26. Bb3+ Kh7 27. Ne6 a5 28. Nxg7 Kxg7 29. Be6 Nbd7 30. Red1 Ra7 31. Bb2 Rcc7 32. f3 Kf8 33. Rd6 Rab7 34. Ba3 c5 35. Bxd7 Nxd7 36. Rxg6 Kf7 37. Rxh6 c4 38. g3 fxg3 39. hxg3 c3 40. Rc2 Nf8 41. Bd6 Rb1+ 42. Kf2 Rb2 43. Bxc7 Rxc2+ 44. Ke3 Rxa2 45. Bxe5 c2 46. Rc6 Ra3+ 47. Ke2 Ra2 48. Kd2 Ne6 49. f4 c1=Q+ 50. Kxc1 Ra4 51. Kd2 Rxe4 52. Bc3 Ke7 53. Kd3 Ra4 54. f5 Nd8 55. Ra6 Nf7 56. Ra7+ Ke8 57. Ra8+ Ke7 58. Ra7+ Ke8 59. Rxa5 Rg4 60. Be1 Ke7 61. Bf2 Ng5 62. Ra6 Kf7 63. Ke2 Ne4 64. Ra5 Rg5 65. Kf3 Nxf2 66. Kxf2 Kf6 1/2-1/2

[Event "Belgrade Investbanka"]
[Site "Belgrade YUG"]
[Date "1997.11.19"]
[Round "7"]
[White "Beliavsky, Alexander"]
[Black "Kovacevic, Aleksandar"]
[Result "1-0"]
[WhiteElo "2710"]
[BlackElo "2525"]
[PlyCount "75"]
[EventDate "1997.11.11"]

1. Nf3 c5 2. c4 g6 3. d4 cxd4 4. Nxd4 Nc6 5. e4 Nf6 6. Nc3 d6 7. Be2 Nxd4 8. Qxd4 Bg7 9. Bg5 O-O 10. Qd2 Be6 11. Rd1 Qa5 12. O-O Rfc8 13. b3 Rc5 14. Be3 Ng4 15. Bd4 Bxd4 16. Qxd4 Nf6 17. f4 Rd8 18. e5 Ne8 19. g4 Ng7 20. Qe3 Rc6 21. Nb5 Ra6 22. exd6 exd6 23. f5 gxf5 24. gxf5 Bc8 25. f6 Ne6 26. Rf2 Kh8 27. Bd3 Rg8+ 28. Rg2 Rxg2+ 29. Kxg2 Qd8 30. Qh6 Qg8+ 31. Kh1 Bd7 32. Nc3 Ra5 33. Nd5 Nf8 34. Rg1 Ng6 35. Rxg6 fxg6 36. Ne7 Bc6+ 37. Kg1 Qf7 38. Bxg6 1-0

[Event "Belgrade Investbanka"]
[Site "Belgrade YUG"]
[Date "1997.11.19"]
[Round "7"]
[White "Gelfand, Boris"]
[Black "Ivanchuk, Vasyl"]
[Result "1/2-1/2"]
[WhiteElo "2695"]
[BlackElo "2725"]
[PlyCount "125"]
[EventDate "1997.11.11"]

1. d4 d6 2. Nf3 Bg4 3. c4 Bxf3 4. exf3 c6 5. Nc3 Nd7 6. Be2 g6 7. O-O Bg7 8. Be3 Ngf6 9. d5 O-O 10. Qb3 Qb8 11. Rfd1 Rc8 12. Rac1 a6 13. Rd2 cxd5 14. Nxd5 Nxd5 15. Rxd5 Rc6 16. f4 Qc7 17. Rdd1 a5 18. Bf3 Nc5 19. Qc2 Rb6 20. Rb1 a4 21. h4 e6 22. h5 Qe7 23. Rd2 Kf8 24. Qd1 Ke8 25. g3 Raa6 26. Kg2 Rb4 27. hxg6 hxg6 28. Qh1 Qf8 29. Qd1 Qe7 30. Qh1 Kf8 31. Rbd1 Rxb2 32. Rxd6 Rxd6 33. Bxc5 Rbb6 34. Qh7 a3 35. Bxa3 Ra6 36. Bb4 Rab6 37. Bc5 Qc7 38. Ba3 Ra6 39. Bb4 Bf6 40. f5 gxf5 41. Bh5 Bg7 42. a4 Rab6 43. Ba3 Rbc6 44. Bf3 Rc5 45. Rxd6 Qxd6 46. Bxb7 f4 47. Qh4 Ke8 48. Bxc5 Qxc5 49. Qxf4 Be5 50. Qe4 Ke7 51. Ba6 Bc7 52. Bb5 Bb6 53. Qe1 Qd4 54. a5 Bc5 55. Qe2 Kd6 56. Qf3 f5 57. a6 Ke5 58. Qe2+ Kf6 59. Bc6 e5 60. Bd5 e4 61. g4 e3 62. fxe3 Qxe3 63. Qxe3 1/2-1/2

[Event "Belgrade Investbanka"]
[Site "Belgrade YUG"]
[Date "1997.11.20"]
[Round "8"]
[White "Anand, Viswanathan"]
[Black "Beliavsky, Alexander"]
[Result "1/2-1/2"]
[WhiteElo "2765"]
[BlackElo "2710"]
[PlyCount "49"]
[EventDate "1997.11.11"]

1. e4 d6 2. d4 Nf6 3. Nc3 g6 4. Be3 e5 5. f3 exd4 6. Qxd4 Bg7 7. O-O-O O-O 8. Qd2 Be6 9. Bh6 Bxh6 10. Qxh6 Nbd7 11. g4 Qe7 12. h4 Ne5 13. Be2 c6 14. Nh3 Rad8 15. h5 Rfe8 16. Nf4 Nfxg4 17. fxg4 g5 18. Nxe6 fxe6 19. Rdf1 Rf8 20. Nd1 Rf7 21. Bc4 Rxf1 22. Rxf1 Nxc4 23. Rf6 Qg7 24. Qxg7+ Kxg7 25. Rxe6 {Eb3,e3,f5} 1/2-1/2

[Event "Belgrade Investbanka"]
[Site "Belgrade YUG"]
[Date "1997.11.20"]
[Round "8"]
[White "Georgiev, Kiril"]
[Black "Kramnik, Vladimir"]
[Result "1/2-1/2"]
[WhiteElo "2670"]
[BlackElo "2770"]
[PlyCount "46"]
[EventDate "1997.11.11"]

1. c4 g6 2. d4 Bg7 3. Nc3 Nf6 4. g3 d5 5. cxd5 Nxd5 6. Bg2 Nxc3 7. bxc3 c5 8. e3 Qa5 9. Ne2 cxd4 10. exd4 O-O 11. O-O Nc6 12. Qb3 Rd8 13. d5 Ne5 14. Bg5 Re8 15. Nd4 Bd7 16. Rab1 b6 17. Bf4 Rac8 18. Bxe5 Bxe5 19. Nc6 Qxc3 20. Qxc3 Bxc3 21. Nxa7 Ra8 22. Nc6 Rxa2 23. Rxb6 Rb2 1/2-1/2

[Event "Belgrade Investbanka"]
[Site "Belgrade YUG"]
[Date "1997.11.20"]
[Round "8"]
[White "Shirov, Alexei"]
[Black "Ljubojevic, Ljubomir"]
[Result "1/2-1/2"]
[WhiteElo "2700"]
[BlackElo "2565"]
[PlyCount "68"]
[EventDate "1997.11.11"]

1. e4 c5 2. Nf3 d6 3. d4 cxd4 4. Nxd4 Nf6 5. Nc3 a6 6. Be3 e5 7. Nb3 Be6 8. Qd2 Nbd7 9. f3 h5 10. O-O-O Qc7 11. Nd5 Bxd5 12. exd5 Nb6 13. Qa5 Rc8 14. c3 Nc4 15. Bxc4 Qxc4 16. Rhe1 Be7 17. Bg5 O-O 18. Bxf6 Qf4+ 19. Nd2 Qxf6 20. Qb6 Rb8 21. Qe3 Qg6 22. g3 Rfe8 23. Qe4 f5 24. Qd3 Bg5 25. Kb1 Rbc8 26. Nb3 Kh7 27. Re2 Rc7 28. f4 Bf6 29. fxe5 Rxe5 30. Rxe5 Bxe5 31. Nd2 f4 32. Ne4 fxg3 33. hxg3 b5 34. a3 Kg8 1/2-1/2

[Event "Belgrade Investbanka"]
[Site "Belgrade YUG"]
[Date "1997.11.21"]
[Round "9"]
[White "Kramnik, Vladimir"]
[Black "Ivanchuk, Vasyl"]
[Result "1/2-1/2"]
[WhiteElo "2770"]
[BlackElo "2725"]
[PlyCount "63"]
[EventDate "1997.11.11"]

1. Nf3 Nf6 2. c4 g6 3. Nc3 d5 4. Qa4+ Bd7 5. Qb3 dxc4 6. Qxc4 Nc6 7. d4 Bg7 8. e4 O-O 9. e5 Be6 10. exf6 Bxc4 11. fxg7 Kxg7 12. Bxc4 Nxd4 13. Nxd4 Qxd4 14. Be2 Rad8 15. O-O Qe5 16. Be3 Rd7 17. Rfe1 Qa5 18. a3 Rfd8 19. Bg4 f5 20. Bf3 e5 21. Bg5 e4 22. Be2 c6 23. Bxd8 Qxd8 24. Red1 b5 25. Rxd7+ Qxd7 26. Rd1 Qe6 27. g3 a5 28. Rd2 e3 29. Rd3 exf2+ 30. Kxf2 Qe5 31. Bf3 Qc5+ 32. Kf1 1/2-1/2